000 00434nam a2200145Ia 4500
008 231129s2011||||xx |||||||||||||| ||spa||
020 _a978-958-670-927-9
040 _bspa
082 _aCo861 S194ro
100 _aSánchez Mery Yolanda
245 0 _aRostro de tierra: Selección de poemas
260 _c2011
264 _aUniversidad del Valle. Escuela de Estudios Literarios
942 _2ddc
_cBKS
999 _c24194
_d24194